000 00267nam a22001097a 4500
008 170110b xxu||||| |||| 00| 0 eng d
020 _a9780801670640
041 _aeng
080 _a618.2
245 _aCOMMUNITY FIRST AID & SAFETY
_cAMERICAN RED CROSS
942 _2udc
_cBK
999 _c2626
_d2626